000 00602nam a2200241Ia 4500
003 OSt
005 20220928131028.0
006 a|||||r|||| 00| 0
007 ta
008 220927b |||||||| |||| 00| 0 eng d
024 _a48986
037 _cTextual
040 _aSDCL
_cSDCL
_beng
041 _2eng
_aeng
082 _aV3:24'N9, N5
100 _aPeele Gillian
_9476833
245 0 _aGoverning the U K
250 _a3
260 _aOxford
_bBlackwell
_c1995
300 _axxiii,547p
_ccm.
942 _hV3:24'N9, N5
_cTEXL
_2CC
999 _c789298
_d789298